000 01732nam0a2200361 4500
001 RU\NLR\bibl\334526
005 20260407224730.0
010 _a5-93165-010-5
_93000
035 _a(NLR Aleph) 000329463
090 _a147704
_c147704
100 _a20021114d1999 |||y0rusy50 ca
101 0 _arus
102 _aRU
105 _aa |||||||||
200 1 _aИстория Мальтийского ордена
_fА. Андреев, В. Захаров, И. Настенко
_gРус. ист. о-во
210 _aМ.
_cSPSL
_cРус. панорама
_d1999
215 _a461 с.
_cил., портр.
_d21
225 1 _aСерия "Страницы Росийской истории"
_fРедкол.: А. Андреев и др.
300 _aНа авантит.: 900-летию Сувер. Мальт. ордена посвящается
320 _aБиблиогр.: с. 454-461 и в подстроч. прим.
601 0 2 _aМальтийский орден
_91516442
_3RU\NLR\auth\66658751
686 _aЭ375-647.313
700 1 _4070
_8rus
_7ca
_aАндреев
_bА.Р.
_cисторик
_f1957-
_gАлександр Радьевич
_3RU\NLR\auth\7726696
_99735
701 1 _4070
_8rus
_7ca
_aЗахаров
_bВ. А.
_cканд. ист. наук, литературовед
_f1946-
_gВладимир Александрович
_3RU\NLR\auth\7744341
_927282
701 1 _aНастенко
_bИ. А.
_gИгорь Анатольевич
_4070
712 0 2 _4570
_aОрден госпитальеров
_3RU\NLR\AUTH\8810153092
_9801325
801 0 _aRU
_bNLR
_c20021114
_gPSBO
801 1 _aRU
_bNLR
_c20021114
830 _aАвт. по кн.
942 _cBOOK
980 _aNB